Представление документа в формате RUSMARC

ПолеНазваниеЗначение
  Тип записи a
  Библиографический уровень m
001 Контрольный номер RU/CBS_UL/BASE/9e45af066a214a5c8a302491ad708825
005 Дата корректировки 20260427094110.2
010 Индекс ISBN __
a ISBN 978-5-222-20359-0
b Уточнения в пер.
d Цена 69 р. 00 к.
9 Тираж 3 000 экз.
100 Данные общей обработки __
a Данные общей обработки 20260427d 0rusy0189## ca
101 Язык документа 0_
a Язык текста rus
102 Страна публикации __
a Страна публикации RU
200 Заглавие и сведения об ответственности 1_
a Заглавие Инопланетные цивилизации в истории человечества
f Первые сведения об ответственности В. Гусев
210 Выходные данные 1_
a Место издания Ростов-на-Дону
c Издательство Феникс
d Дата издания 2013
215 Физическое описание __
a Объем 255 с.
c Иллюстрации/тип воспроизводства ил.
d Формат 20,5 см.
225 Серия 2_
a Серия X-файлы
300 Общие примечания __
a Общие примечания 12+
606 Тематические рубрики 0_
a Основная рубрика Внеземные цивилизации
610 Ключевые слова 0_
a Ключевые слова инопланетяне; контакты с инопланетянами ; цивилизации древние; теория палеоконтакта; пришельцы; исчезнувшие цивилизации; НЛО
686 Индексы других классификаций __
2 Код системы rubbk
a Классификационный индекс 20.3
700 Автор _1
a Фамилия Гусев
b Имя (инициалы) В.
g Полное личное имя Владимир
801 Источник записи _0
a Страна RU
b Организация МБУК ЦБС г. Ульяновска
c Дата составления 20260427
g Правила каталогизации RCR
801 Источник записи _1
a Страна RU
b Организация МБУК ЦБС г. Ульяновска
c Дата составления 20260427
g Правила каталогизации RCR
852 Данные о местонахождении __
i Авторский знак Г 96
j Шифр хранения 20.3
900 Электронные ресурсы __
a Имя электронного ресурса в. гусев инопланетные
901 Тип документа __
t Тип документа m
909 Создатель записи __
a Создатель записи obr2
b Дата создания записи 20260427